00273nam a22000977a 4500008004100000082001100041100002400052245003800076260005200114300000900166260530b |||||||| |||| 00| 0 eng d a001913 aBayari, Venkatesh P aGita Bhashyam of Sri Madhvacharya aBangalorebPoorna Prajna Samshodhan Trustc2012 a358p